00953nam a22002657a 45000010005000000030006000050050017000110080041000280200018000690400030000870500019001170820012001361000026001482450067001742500045002412600050002863000060003365050008003965200157004045210029005615210020005906500026006106500021006367000030006577721FISKH20250801101907.0250801b cb ||||| |||| 00| 0 eng d a9780006646570 aFISKHbeng cFISKHdFISKH aPZ7.M4784177 W a823.914 aMacDonald, Elizabeth  aThe wolf is coming ! / cBy Elizabeth MacDonald and Ken Brown  aFirst published in Picture Lions in 1999 aLondon : bHarper Collins Publishers ,c1997. a32 unnumbered pages : bcolor illustrations ;c25 cm .  aK  aRunning through the farmyard looking for a place to hide from the wolf, a father rabbit creates enough commotion to protect all the animals on the farm.8 a510 bLexile estimate 8 aK bRaz-Plus  aFarm animalsvFiction aScared vFiction aBrown, Ken eIllustrator